00329 2200145 4500001002100000005001500021035002000036245003600056100001400092300001200106260003100118082000800149084001400157990001200171INLIS00000000000199220250527082825 a0010-05250002841 aFisika SMU Kelas 2 /cSudiyanto0 aSudiyanto a193 hlm aJakarta :bErlangga,c2000 a530 a530 SUD f a0712739